Boszorkányok? Márpedig vannak! Tóth László: A boszorkány porszívója című mesekötetéről

Bibliographic Details
Main Author: Tóth, Anikó N., 1967- (Author)
Format: Article
Language:Hungarian
Slovak
ISSN:1336-5088
Subjects:

MARC

LEADER 00000nab a2200000 ar4500
001 vtls008307314
003 SK-MaSNL
005 20260318125106.0
008 051104c2005 xo |||||||| |000 b|hun
015 |a SNBRB2005/11  |2 snkbucl 
038 |a SNKBUCL 
040 |a DSZK  |b slo  |c DSZK  |e AACR2 
041 0 |a slo 
044 |a xo  |c SK 
080 |a 82.09:821.511.141 (437.6)-93=511.141  |x (048)  |2 UDC-MRF-SK2 
080 |a 821.511.141 (437.6)-93=511.141  |x (048)  |2 UDC-MRF-SK2 
080 |a 821.511.141 (437.6)-32(0.053.2)=511.141  |x (048)  |2 UDC-MRF-SK2 
100 1 |a Tóth, Anikó N.,  |d 1967-   |4 aut  |9 98326 
245 1 0 |a Boszorkányok? Márpedig vannak!  |b Tóth László: A boszorkány porszívója című mesekötetéről  |c N. Tóth Anikó 
650 0 7 |a autorské rozprávky, maďarské  |x recenzie  |2 snkbucl  |9 14011 
655 7 |a recenzie  |2 snkbucl  |9 21907 
773 0 |t Irodalmi szemle  |g Évf. XLVIII, sz. 9 (2005), o. 60-63  |x 1336-5088 
787 0 8 |i Rec.:  |a Tóth, László, 1949-  |t A boszorkány porszívója  |d Bratislava : Kalligram, 2004 
852 |a SNK  |b KIS3GCP 
852 |a DSZK  |b KIS3GCP 
958 |a HU 
958 |a SK 
958 |a LX 
958 |a RC 
999 |c 2269197  |d 2271127